| 000 | 02049nam1a2200301 i 4500 | ||
|---|---|---|---|
| 001 | RU\NLR\bibl\1925585 | ||
| 005 | 20241115072007.0 | ||
| 035 | _a(NLR Aleph) 001915000 | ||
| 090 |
_a3228012 _c3228012 |
||
| 100 | _a20120717g20119999u y0rusy50 ca | ||
| 101 | 0 | _arus | |
| 102 | _aRU | ||
| 105 | _a||||z ||||| | ||
| 200 | 1 |
_aПроизводственный менеджмент. (Управление производственными процессами) _eучебно-методическое пособие _fТ.Л. Федосеева, И.А. Глазова _gМ-во образования и науки РФ, Эектростал. политех. ин-т, фил. Федер. гос. автоном. образоват. учреждения высш. проф. образования "Нац. исслед. технол. ун-т "МИСиС", Каф. экономики |
|
| 210 |
_aЭлектросталь _cЭлектростальский политехнический институт филиал Федерального государственного автономного образовательного учреждения высшего профессионального образования "Национальный исследовательский технологический университет "МИСиС" _d2011 |
||
| 215 | _d21 | ||
| 463 | 0 | _10011914248 | |
| 517 | 0 | _a(Управление производственными процессами) | |
| 606 |
_aМенеджмент производственный _jУчебно-методические пособия для высших учебных заведений _92111959 _3RU\NLR\auth\661276301 |
||
| 686 | _aУ21(0)25я73 | ||
| 700 | 1 |
_aФедосеева _bТ. Л. _gТатьяна Леонидовна _4070 |
|
| 701 | 1 |
_aГлазова _bИ. А. _gИрина Анатольевна _4070 |
|
| 801 | 0 |
_aRU _bNLR _c20120717 _gRCR |
|
| 801 | 1 |
_aRU _bNLR _c20120717 |
|
| 852 |
_aNLR _j2012-3/18247 |
||
| 942 | _cBOOK | ||
| 980 | _aNBR | ||